[Event "Barcelona Tres Peons op"]
[Site "Barcelona"]
[Date "1999.??.??"]
[Round "9"]
[White "Caballe Sasot, Roger"]
[Black "Marquez Jimenez, Antonio"]
[Result "1-0"]
[WhiteElo "2155"]
[BlackElo "2040"]
[PlyCount "86"]
[EventDate "1999.??.??"]
[EventType "swiss"]
[EventRounds "9"]
[EventCountry "ESP"]
[SourceTitle "EXT 2000"]
[Source "ChessBase"]
[SourceDate "1999.11.16"]
[SourceVersion "1"]
[SourceVersionDate "1999.11.16"]
[SourceQuality "1"]

1. f4 d5 2. Nf3 Nf6 3. e3 c5 4. b3 e6 5. Bb2 Be7 6. Be2 Nc6 7. 0-0 0-0 8. a4 Nd7 9. d4 cxd4 10. exd4 Qb6 11. Kh1 f5 12. Nbd2 Nf6 13. c3 Bd7 14. Ne5 Nxe5 15. fxe5 Ne4 16. a5 Qd8 17. Nxe4 dxe4 18. b4 Kh8 19. Qb3 Qe8 20. c4 h5 21. d5 a6 22. d6 Bg5 23. Qd1 g6 24. Qd4 Bd8 25. Qe3 g5 26. Bd4 Kh7 27. Bb6 Qg6 28. b5 Kh6 29. Bxd8 Rfxd8 30. Qb6 axb5 31. cxb5 Rab8 32. Rfc1 f4 33. Rc7 Qf5 34. Qd4 f3 35. gxf3 Bxb5 36. fxe4 Qh3 37. Rc3 Qxc3 38. Qxc3 Bxe2 39. Qe3 Bb5 40. Rg1 Rg8 41. h4 Bc6 42. Rxg5 Rxg5 43. Qxg5+ Kh7 1-0

[Event "Barcelona Tres Peons op"]
[Site "Barcelona"]
[Date "1999.??.??"]
[Round "1"]
[White "Marquez Jimenez, Antonio"]
[Black "Asensio Linan, Teodoro"]
[Result "1-0"]
[WhiteElo "2040"]
[BlackElo "2245"]
[PlyCount "98"]
[EventDate "1999.??.??"]
[EventType "swiss"]
[EventRounds "9"]
[EventCountry "ESP"]
[SourceTitle "EXT 2000"]
[Source "ChessBase"]
[SourceDate "1999.11.16"]
[SourceVersion "1"]
[SourceVersionDate "1999.11.16"]
[SourceQuality "1"]

1. Nf3 e6 2. d4 d5 3. e3 c6 4. c4 Nd7 5. Nc3 Ngf6 6. cxd5 exd5 7. Bd3 Bd6 8. 0-0 0-0 9. h3 Re8 10. Qc2 Qe7 11. Bd2 a5 12. a4 Ne4 13. Bxe4 dxe4 14. Nh2 b6 15. f4 Ba6 16. Rf2 Nf6 17. g4 b5 18. axb5 cxb5 19. Qd1 b4 20. Ne2 g5 21. fxg5 Nd5 22. Rf5 Red8 23. Kg2 Bc7 24. Nf1 a4 25. Nfg3 Qd6 26. Nf4 Bb7 27. Ngh5 a3 28. bxa3 Rxa3 29. Rxd5 Bxd5 30. Nf6+ Qxf6 31. gxf6 Bxf4 32. Rxa3 bxa3 33. exf4 e3+ 34. Kg3 exd2 35. Qxd2 a2 36. Qc1 Ra8 37. Qa1 Rb8 38. Kh4 h6 39. Kh5 Be6 40. d5 Bxd5 41. Kxh6 Ra8 42. h4 Kh8 43. g5 Be4 44. h5 Kg8 45. g6 Bd5 46. gxf7+ Kxf7 47. Qe5 Be6 48. f5 Rh8+ 49. Kg5 Rg8+ 1-0

[Event "Barcelona Tres Peons op"]
[Site "Barcelona"]
[Date "1999.??.??"]
[Round "8"]
[White "Marquez Jimenez, Antonio"]
[Black "Carrey Abellan, Enric"]
[Result "1-0"]
[WhiteElo "2040"]
[BlackElo "2095"]
[PlyCount "102"]
[EventDate "1999.??.??"]
[EventType "swiss"]
[EventRounds "9"]
[EventCountry "ESP"]
[SourceTitle "EXT 2000"]
[Source "ChessBase"]
[SourceDate "1999.11.16"]
[SourceVersion "1"]
[SourceVersionDate "1999.11.16"]
[SourceQuality "1"]

1. Nf3 d6 2. d4 Nc6 3. c4 Bg4 4. Nc3 e5 5. d5 Nb8 6. e4 Be7 7. Be2 Bxf3 8. Bxf3 Bg5 9. Qa4+ Nd7 10. Bg4 Bxc1 11. Bxd7+ Qxd7 12. Qxd7+ Kxd7 13. Rxc1 Ne7 14. g4 h5 15. g5 h4 16. Kd2 Ng6 17. Ne2 Rae8 18. Rc3 Nf8 19. Rg1 Rh5 20. Rg4 Ng6 21. Rh3 Ke7 22. f3 Reh8 23. Ke3 a6 24. Kd3 Kd7 25. Kc2 c6 26. dxc6+ bxc6 27. Kd3 a5 28. Kc3 Ke6 29. f4 exf4 30. Nxf4+ Nxf4 31. Rxf4 Rxg5 32. Rhxh4 Rxh4 33. Rxh4 Rg2 34. Rh8 g5 35. a4 Re2 36. b3 Rxe4 37. Re8+ Kf5 38. Rxe4 Kxe4 39. b4 axb4+ 40. Kxb4 f5 41. a5 f4 42. a6 f3 43. a7 f2 44. a8Q f1Q 45. Qxc6+ Kf5 46. Qd7+ Kg6 47. Qxd6+ Kh5 48. c5 Qf4+ 49. Qxf4 gxf4 50. Kc4 Kg5 51. c6 f3 1-0